[Event "Imperia op 33rd"]
[Site "Imperia"]
[Date "1991.09.12"]
[Round "6.10"]
[White "Sarno, Spartaco"]
[Black "Popa, Mattei O"]
[Result "1-0"]
[WhiteElo "2385"]
[BlackElo "2000"]
[PlyCount "55"]
[EventDate "1991.09.07"]
[EventType "swiss"]
[EventRounds "9"]
[EventCountry "ITA"]
[SourceTitle "EXT 2024"]
[Source "ChessBase"]
[SourceDate "2023.10.10"]
[SourceVersion "1"]
[SourceVersionDate "2023.10.10"]
[SourceQuality "1"]

1. d4 d5 2. c4 e5 3. dxe5 d4 4. Nf3 Nc6 5. g3 Bg4 6. Bg2 Qd7 7. 0-0 Nge7 8. Qb3 0-0-0 9. Rd1 Na5 10. Qb5 Nec6 11. Nc3 a6 12. Qa4 Qe6 13. Nd5 b5 14. Qc2 Bf5 15. e4 dxe3 16. Qe2 exf2+ 17. Qxf2 Nxc4 18. Ng5 Qg6 19. Bf4 h6 20. Nf3 Qe6 21. b3 Rxd5 22. bxc4 Rxd1+ 23. Rxd1 Qxc4 24. Rc1 Qe6 25. Nh4 Na5 26. Nxf5 Qxf5 27. Qb6 Nc4 28. Qxa6+ 1-0

[Event "Imperia op 33rd"]
[Site "Imperia"]
[Date "1991.09.08"]
[Round "2.5"]
[White "Psakhis, Lev"]
[Black "Popa, Mattei O"]
[Result "1-0"]
[WhiteElo "2575"]
[BlackElo "2000"]
[PlyCount "55"]
[EventDate "1991.09.07"]
[EventType "swiss"]
[EventRounds "9"]
[EventCountry "ITA"]
[SourceTitle "EXT 2024"]
[Source "ChessBase"]
[SourceDate "2023.10.10"]
[SourceVersion "1"]
[SourceVersionDate "2023.10.10"]
[SourceQuality "1"]

1. e4 e5 2. Nf3 Nc6 3. Bb5 a6 4. Ba4 Nf6 5. 0-0 Be7 6. Re1 b5 7. Bb3 0-0 8. h3 d5 9. exd5 Nxd5 10. Nxe5 Nxe5 11. Rxe5 Nf4 12. d3 Ng6 13. Rh5 b4 14. Nd2 Nf4 15. Qf3 Nxh5 16. Qxa8 Nf4 17. Nc4 Ne2+ 18. Kf1 Nxc1 19. Rxc1 Bc5 20. Qf3 Be6 21. c3 Bd5 22. Qg3 Qf6 23. d4 Bxc4+ 24. Bxc4 Bd6 25. Qg4 g5 26. Re1 h6 27. Re3 Qf4 28. Qd7 1-0